| 000 | 00725cam a2200241 4500500 | ||
|---|---|---|---|
| 005 | 20260405003326.0 | ||
| 041 | _afre | ||
| 042 | _adc | ||
| 100 | 1 | 0 |
_ade Oliveira, Victorine _eauthor |
| 245 | 0 | 0 | _aUn extrait de Montaigne commenté par Claude Romano |
| 260 | _c2021. | ||
| 500 | _a88 | ||
| 690 | _aClaude Romano | ||
| 690 | _aConfessions | ||
| 690 | _aÉquilibre | ||
| 690 | _aJean-Jacques Rousseau | ||
| 690 | _aMichel de Montaigne | ||
| 690 | _aMontaigne | ||
| 690 | _aSincérité | ||
| 690 | _aVérité | ||
| 786 | 0 | _nPhilosophie magazine | 151 | 8 | 2021-07-01 | p. 54-55 | 1951-1787 | |
| 856 | 4 | 1 | _uhttps://shs.cairn.info/magazine-philosophie-magazine-2021-6-page-54?lang=fr&redirect-ssocas=7080 |
| 999 |
_c2066539 _d2066539 |
||